00991cam a22002897a 450000100090000000300050000900500170001400800410003101000170007202000250008903800110011404000230012505000220014808200180017010000350018824500830022325000120030626000430031830000450036156300090040665000310041570000590044690600450050594200120055099900190056295201200058115531151NUST20220301130640.0081121s2006 enka 000 0 eng  a 2008278188 a9780340905869 (pbk.) awaseem aDLCcDLCdDLCdDLC00aRC537b.W545 2006 a616.8527bWIL1 aWilliams, Chris,d1964-99006510aOvercoming depression and low mood :ba five areas approach /cChris Williams. a2nd ed. aGreat Britain :bHodder Arnold,c2006. a1 v. (various pagings) :bill. ;c30 cm. aPBK. 0aDepression, Mental.9900661 aWilliams, Chris,d1964-tOvercoming depression.990067 a7bcbccorigcopd2encipf20gy-gencatlg 2ddccBK c588470d588470 00102ddc4070aCLbCLd2022-03-01ePak Booksl1m1o616.8527 WILpCL-1014r2024-09-11s2022-09-30w2022-03-01yBK